Κατάλογος Βιβλιοθηκών Mediterranean College

Doing Qualitative Analysis in Psychology (Record no. 6241)

MARC details
000 -LEADER
fixed length control field 01551cam a22001934a 4500
005 - ΗΜΕΡΟΜΗΝΙΑ ΚΑΙ ΩΡΑ ΤΕΛΕΥΤΑΙΑΣ ΕΝΗΜΕΡΩΣΗΣ
Πεδίο ελέγχου 20250605164237.0
008 - FIXED-LENGTH DATA ELEMENTS--GENERAL INFORMATION
Πεδίο ελέγχου σταθερού μήκους 250528s ||||||||||||||||||||||||d
035 ## - SYSTEM CONTROL NUMBER
System control number 21173
020 ## - ISBN
ISBN 9780863777417
040 ## - ΠΗΓΗ ΚΑΤΑΛΟΓΟΓΡΑΦΗΣΗΣ
Φορέας πρωτότυπης καταλογογράφησης MC Athens Campus Library
Γλώσσα καταλογογράφησης Ελληνικά, Μοντέρνα (1453-)
Modifying agency MC Athens Campus Library
Κανόνες περιγραφικής καταλογογράφησης AACR2
245 1# - ΤΙΤΛΟΣ ΚΑΙ ΔΗΛΩΣΗ ΥΠΕΥΘΥΝΟΤΗΤΑΣ
Τίτλος Doing Qualitative Analysis in Psychology
260 ## - PUBLICATION, DISTRIBUTION, ETC.
Name of publisher, distributor, etc. Psychology Press,
Date of publication, distribution, etc. 2009
300 ## - PHYSICAL DESCRIPTION
Extent 298
520 ## - SUMMARY, ETC.
Summary, etc. This book provides examples of how different psychologists have used qualitative analysis in research. Introduction: Qualitative Research and Research in Psychology, Account Analysis and Its Relatives, An Outline of the Main Methods for Social Psychology, Rhetorical and Discursive Analysis: How Families Talk about the Royal Family, Making an Un-Making Identities: A Psychologist Looks at Art-Work, Theory-Driven Approaches to Qualitative Research, Theory-Led Thematic Analysis: Social Identification in Small Companies, Attributional Coding of Interview Data: Meeting the Needs of Long-Haul Passengers, Qualitative Analysis of Murals in Northern Ireland: Paramilitary Justifications for Political Violence, Grounded Theory and Phenomenology, Developing Theory from case Studies: Self-Reconstruction and the Transition to Motherhood, The Use of Vignettes in the Analysis of Interview Data: Relatives of People with Drug Problems, Caring in Casualty: The Phenomenology of Nursing Care, Using Grounded Theory in Psychological Research, Final Note, References, Author and Subject Index.
700 1# - ΠΡΟΣΘΕΤΗ ΑΝΑΓΡΑΦΗ--ΦΥΣΙΚΟ ΠΡΟΣΩΠΟ
Personal name Hayes Nicky
9 (RLIN) 87
942 ## - ADDED ENTRY ELEMENTS (KOHA)
Koha item type Books
Holdings
Τύπος τεκμηρίου Βιβλιοθήκη Τρέχουσα τοποθεσία Barcode Αριθμός εισαγωγής Ημερομηνία απόκτησης Ταξιθετικό σύμβολο Αριθμός αντιτύπου Κατάσταση απόσυρσης Κατάσταση χαμένου Κατάσταση κατεστραμμένου Μη δανεισμός Σύνολο δανεισμών Ημερομηνία τελευταίας εμφάνισης Η τιμή ισχύει από
Books MC Athens Campus Library MC Athens Campus Library 9780000062406 3078 05/06/2025 150.72 HAY 1           05/06/2025 05/06/2025

MC Athens Campus Library
Πατησίων 94 & Κοδριγκτώνος 13, 104 34
Πελλήνης 8 & Πατησίων 107, 112 51
Τ: +30 210 8899600

MC Thessaloniki Campus Library
Ίωνος Δραγούμη 21, 54625 | Ίωνος Δραγούμη 15, 54625
Τ: +30 2310 287779 – Τ: +30 2314 440300